|
|
|
|
| LEADER |
00000nam0a2200000 4500 |
| 001 |
318778 |
| 005 |
20231102003119.0 |
| 035 |
|
|
|a (RuTPU)RU\TPU\book\344279
|
| 090 |
|
|
|a 318778
|
| 100 |
|
|
|a 20160505d1983 m y0rusy50 ca
|
| 101 |
1 |
|
|a rus
|c kaz
|
| 102 |
|
|
|a RU
|
| 105 |
|
|
|a y z 000ay
|
| 200 |
1 |
|
|a Кочевники
|e историческая трилогия
|e пер. с казах.
|f И. Есенберлин
|g авт. предисл. А. Алимжанов
|
| 210 |
|
|
|a Москва
|c Художественная литература
|d 1983
|
| 215 |
|
|
|a 683 с.
|
| 320 |
|
|
|a Вступительная статья: с. 3-7
|
| 606 |
1 |
|
|a Казахская литература
|2 stltpush
|3 (RuTPU)RU\TPU\subj\13476
|9 40080
|
| 610 |
1 |
|
|a художественная литература
|
| 610 |
1 |
|
|a исторические повести
|
| 610 |
1 |
|
|a трилогии
|
| 675 |
|
|
|a 894.342
|v 4
|
| 700 |
|
1 |
|a Есенберлин
|b И.
|g Ильяс
|
| 702 |
|
1 |
|a Алимжанов
|b А.
|4 080
|
| 801 |
|
1 |
|a RU
|b 63413507
|c 20160505
|
| 801 |
|
2 |
|a RU
|b 63413507
|c 20200521
|g RCR
|
| 942 |
|
|
|c BK
|